Tiny Habits: (Record no. 9400)

MARC details
000 -LEADER
fixed length control field 00407nam a22001457a 4500
008 - FIXED-LENGTH DATA ELEMENTS--GENERAL INFORMATION
fixed length control field 230301b |||||||| |||| 00| 0 eng d
020 ## - INTERNATIONAL STANDARD BOOK NUMBER
International Standard Book Number 978-0-753-55324-4
082 ## - DEWEY DECIMAL CLASSIFICATION NUMBER
Classification number 158
100 ## - MAIN ENTRY--PERSONAL NAME
Personal name BJ Fogg
245 ## - TITLE STATEMENT
Title Tiny Habits:
Remainder of title Why starting small makes lasting change easy
260 ## - PUBLICATION, DISTRIBUTION, ETC.
Name of publisher, distributor, etc. Virgin Books,
Date of publication, distribution, etc. 2020
300 ## - PHYSICAL DESCRIPTION
Extent 306 p.
Dimensions 19.7 cm
942 ## - Added entry Elements (Koha)
Source of classification or shelving scheme Dewey Decimal Classification
Holdings
Withdrawn status Lost status Source of classification or shelving scheme Damaged status Not for loan Collection code Home library Current library Shelving location Date acquired Serial Enumeration / chronology Total Checkouts Total Renewals Full call number Barcode Date last seen Date last checked out Price effective from Koha item type
  Lost and Paid For Dewey Decimal Classification     Popular Collection RTC Library RTC Library Popular Collection 01/03/2023 177023 7 11 158 FOG 30018596 16/05/2025 16/05/2025 01/03/2023 Main
    Dewey Decimal Classification     Popular Collection RTC Library RTC Library Popular Collection 08/04/2024 18576 7 4 158 FOG 30019263 25/03/2026 15/03/2026 08/04/2024 Main
Royal Thimphu College || All Right Reserved